Colombia: the political dimensions of change
Kaydedildi:
| Yazar: | |
|---|---|
| Materyal Türü: | Kitap |
| Dil: | İngilizce |
| Baskı/Yayın Bilgisi: |
New Haven
Yale University
1967
|
| Seri Bilgileri: | Yale Studies in Political Science, 20
|
| Konular: | |
| Etiketler: |
Etiketle
Etiket eklenmemiş, İlk siz ekleyin!
|
MARC
| LEADER | 00000nam a2200000 a 4500 | ||
|---|---|---|---|
| 001 | UCO7632 | ||
| 003 | CL-VaPUC | ||
| 008 | 001117e19670000US |||||||||||||||||eng|d | ||
| 082 | 0 | 4 | |a 320.986 |b DIX |2 21 |
| 100 | 0 | |a Dix, Robert H |e author |9 452233 | |
| 245 | 1 | 0 | |a Colombia: the political dimensions of change |
| 300 | |a 452 p | ||
| 942 | |c BK | ||
| 945 | |d 20001117 00:00:00 |a crobeson | ||
| 260 | |a New Haven |b Yale University |c 1967 | ||
| 500 | |a Donación del profesor Manfred Wilhelmy von Wolff | ||
| 650 | 0 | |a Política y gobierno |9 255151 | |
| 650 | 7 | |a ESTRUCTURA SOCIAL |2 CL-VaPUC |9 452234 | |
| 650 | 0 | |a Clases sociales |9 256858 | |
| 650 | 7 | |a PARTICIPACION POLITICA |2 CL-VaPUC |9 452235 | |
| 650 | 7 | |a REGIMEN MILITAR |2 CL-VaPUC |9 356963 | |
| 650 | 0 | |a Partidos políticos |9 254999 | |
| 650 | 0 | |a Instituciones políticas |9 255506 | |
| 650 | 0 | |a Violencia |9 255411 | |
| 651 | 0 | |a Colombia |9 256424 | |
| 583 | |a last modification |c 20001117 00:00:00 |k Rodrigo Vera | ||
| 490 | 0 | |a Yale Studies in Political Science, 20 | |
| 999 | |c 292520 |d 292518 | ||
| 952 | |0 0 |1 0 |4 0 |6 320_986000000000000_DIX_1967 |7 0 |8 A |9 343441 |a BIBHIS |b BIBHIS |d 2019-11-20 |i 1229117 |o 320.986 DIX 1967 |p 1229117 |r 2025-01-20 |w 2019-11-20 |y BK |k HIS | ||